LDR 00955naa#a2200181#i#450# 001 RU\INFRA-M\bibl\122805 005 20260513145405.3 011 ## _a1998-0701 100 ## _a20260430b2026####ek#y0rusy0150####ca 102 ## _aRU 200 1# _aАнализ финансово-хозяйственной деятельности юридических лиц и индивидуальных предпринимателей Федеральной налоговой службой _eЖурнальная статья 210 1# _aМосква _cОбщество с ограниченной ответственностью «Научно-издательский центр ИНФРА-М» _d2026 215 ## _a6 с. 608 ## _aЖурнальная статья _2local 675 ## _aЭкономика. Народное хозяйство. Экономические науки. 33 _z 700 #1 _aАрабян _gК. К. 700 #1 _aГуськов _gС. В. 856 4# _anaukaru.ru _u